| 000 | 00683nam a2200229 a 4500 | ||
|---|---|---|---|
| 001 | 67541 | ||
| 003 | BD-RjUL | ||
| 005 | 20211209081652.0 | ||
| 008 | 170325s1989 ii a|||| b||| 001 0 eng d | ||
| 035 | _a(BD-RjUL)67672 | ||
| 040 |
_aBD-RjUL _beng _cBD-RjUL _dBD-RjUL |
||
| 041 | _aeng | ||
| 082 |
_223 _a590 _bMAF 1989 |
||
| 100 |
_aMani, M. S. _9200133 |
||
| 245 |
_aThe fauna of India and the adjacent countries. Chalcidoidea (hymenoptera) / _cM. S. Mani |
||
| 260 |
_aIndia : _bZoological Survey of India, _c1989. |
||
| 300 |
_apt. : _bill. ; _c24 cm. |
||
| 504 | _aInclude Bibliography and Index. | ||
| 505 | _aPt. 1 -- Pt.2-- | ||
| 650 |
_aFauna _9201177 |
||
| 942 |
_2ddc _cBK |
||
| 999 |
_c67541 _d67541 |
||